J. C. Onetti (Registro nro. 436884)

Detalles MARC
000 -LÍDER
Campo fijo de descripción fija 00752nam a22002417a 4500
003 - IDENTIFICADOR DEL NÚMERO DE CONTROL
Campo de control BCEG
005 - FECHA Y HORA DE LA ULTIMA TRANSACCIÓN
control field 20251217130423.0
008 - ELEMENTOS DE LONGITUD FIJA -- INFORMACIÓN GENERAL
Campo fijo de descripción fija -- Información general 251125s1989 uy |||||||||||||||| spa d
040 ## - FUENTE DE CATALOGACIÓN
Agencia de catalogación original BCEG
Idioma de catalogación spa
Agencia que realiza la transcripción BCEG
082 04 - NÚMERO DE CLASIFICACIÓN DECIMAL DEWEY
Número de clasificación U864.4
Clave de autor-Numero de item D277j
100 1# - ASIENTO PRINCIPAL--NOMBRE PERSONAL
Nombre del autor personal Díaz, José Pedro,
Fechas asociadas con el nombre 1921-2006.
245 10 - TÍTULO PROPIAMENTE DICHO
Título J. C. Onetti
Otra información sobre el título - Subtitulo : el espectáculo imaginario, II.
246 ## - FORMA VARIANTE DEL TITULO
Título propiamente dicho/forma breve del título El espectáculo imaginario.
260 ## - PUBLICACIÓN, DISTRIBUCIÓN, ETC. (PIE DE IMPRENTA)
Lugar de publicación, distribución, etc. Montevideo, Uruguay :
Nombre del editor, distribuidor, etc. Arca,
Fecha de publicación, distribución, etc. 1986.
300 ## - DESCRIPCIÓN FÍSICA
Extensión 119 p.
500 ## - NOTA GENERAL
Nota General Con dedicatoria a Ariel Muniz, 1981.
500 ## - NOTA GENERAL
Nota General La biblioteca solo cuenta con el v. 2.
541 ## - NOTA DE FUENTE INMEDIATA DE ADQUISICIÓN
Nota de fuente de adquisición Donación.
600 1# - ENCABEZAMIENTO DE MATERIA. AUTOR PERSONAL
Nombre personal Onetti, Juan Carlos,
Fechas asociadas con el nombre 1909-1994
Subdivisión de forma Crítica e interpretación.
650 14 - ASIENTO SECUNDARIO DE MATERIA - TERMINO TEMÁTICO
Término temático o nombre geográfico como elemento de entrada Ensayos uruguayos.
650 14 - ASIENTO SECUNDARIO DE MATERIA - TERMINO TEMÁTICO
Término temático o nombre geográfico como elemento de entrada Literatura uruguaya.
942 ## - TIPO DE MATERIAL (KOHA)
Tipo de Item KOHA Libro
Existencias
No para Préstamo Colección Biblioteca de Origen Biblioteca Permanente Fecha de Adquisición Fuente de Adquisicion Total de Préstamos Signatura Topográfica Código de Barras Última vez visto Ejemplar Tipo de Material
Material en Reserva General Biblioteca Central Estatal de Guanajuato, "Wigberto Jiménez Moreno" Biblioteca Central Estatal de Guanajuato, "Wigberto Jiménez Moreno" 25/11/2025 DONAD   U864.4 D277j BCEG8655230629 25/11/2025 v. 2 Libro